| 000 | 00519nam a2200193Ia 4500 | ||
|---|---|---|---|
| 005 | 20260429111838.0 | ||
| 008 | 260429s9999||||xx |||||||||||||| ||und|| | ||
| 020 | _a9789384502805 | ||
| 041 | _aEnglish | ||
| 082 |
_a582.130 _bMAH |
||
| 100 | _aMaheshwari, P. | ||
| 245 | 0 |
_aIntroduction to the embryology of angiosperms / _cP. Maheshwari |
|
| 250 | _a1st ed. | ||
| 260 |
_aNew Delhi : _bAgri-Biovet Press, _c2019. |
||
| 300 | _avii, 365 p.; hb | ||
| 650 | _a Embryology | ||
| 650 | _aAngiosperms | ||
| 942 | _cTB | ||
| 999 |
_c51134 _d51134 |
||